Mariposa entre los Dientes : 1985 - 1989 /
Guardat en:
| Autor principal: | |
|---|---|
| Format: | Desconegut |
| Idioma: | Spanish |
| Publicat: |
San José, Costa Rica :
Editorial de la Universidad de Costa Rica,
1991.
|
| Matèries: | |
| Etiquetes: |
Afegir etiqueta
Sense etiquetes, Sigues el primer a etiquetar aquest registre!
|
MARC
| LEADER | 000000000a22000000004500 | ||
|---|---|---|---|
| 001 | 003098 | ||
| 020 | |a 997767163X | ||
| 041 | 0 | |a spa | |
| 082 | 0 | 4 | |a CR861.4 |b A958m |
| 100 | 1 | |a Ávila, Diana, |d 1952- | |
| 245 | 1 | 0 | |a Mariposa entre los Dientes : |b 1985 - 1989 / |c Diana Ávila. |
| 260 | 1 | |a San José, Costa Rica : |b Editorial de la Universidad de Costa Rica, |c 1991. | |
| 300 | |a 58 páginas | ||
| 650 | 4 | |a LITERATURA COSTARRICENSE | |
| 650 | 4 | |a POESIA | |
| 999 | |c 9402 |d 9402 | ||
| 942 | |c BK |h CR861.4 A958m |2 z | ||



